000 00537nam a2200181Ia 4500
003 GCL
008 140319s9999 xx 000 0 ara d
040 _aGCL /
_cGCL
082 0 4 _a813.03
_bم ا
100 1 _aمصطفى امين
245 1 0 _aافكار ممنوعة /
_cمصطفى امين
300 _a387 ص
490 _aالهيئة العامة للاستعلامات
_v0
650 0 4 _aالمقالات
650 0 4 _aالمقالات - مجموعات
650 0 4 _aالمقالات العربية - مصر
942 _2ddc
_cBK
999 _c48314
_d48314